[Event "XXVII Festival Conca della Presolana A"]
[Site "Bratto - Castione della Presolana ITA"]
[Date "2007.08.26"]
[Round "4"]
[White "Cebalo, Miso"]
[Black "Borgo, Giulio"]
[Result "1/2-1/2"]
[WhiteElo "2533"]
[BlackElo "2421"]
[PlyCount "42"]
[EventDate "2007.08.23"]

1. d4 d5 2. c4 dxc4 3. Nf3 a6 4. e3 b5 5. a4 Bb7 6. b3 cxb3 7. axb5 axb5 8.
Rxa8 Bxa8 9. Bxb5+ Nd7 10. Nbd2 Ngf6 11. Qxb3 e6 12. O-O c6 13. Be2 c5 14. Bb5
Be7 15. dxc5 Bxc5 16. Bb2 O-O 17. Rc1 Qe7 18. Qc2 Ba3 19. Bxd7 Bxb2 20. Qxb2
Bxf3 21. Nxf3 Qxd7 1/2-1/2

[Event "XXVII Festival Conca della Presolana A"]
[Site "Bratto - Castione della Presolana ITA"]
[Date "2007.08.26"]
[Round "4"]
[White "Chierici, Marianna"]
[Black "Kilpatrick, Callum"]
[Result "0-1"]
[WhiteElo "2004"]
[BlackElo "2120"]
[PlyCount "130"]
[EventDate "2007.08.23"]

1. e4 e5 2. Bc4 Nf6 3. d3 Nc6 4. Nf3 Be7 5. O-O O-O 6. Nc3 d6 7. a3 h6 8. Re1
Re8 9. h3 Bf8 10. b4 a6 11. Rb1 b5 12. Ba2 Be6 13. Nd5 Nb8 14. d4 c6 15. Nxf6+
Qxf6 16. d5 cxd5 17. Bxd5 Bxd5 18. Qxd5 Nd7 19. Be3 Qd8 20. a4 Nf6 21. Qc6 bxa4
22. Bb6 Qc8 23. Qxa4 Qb7 24. Qa5 Reb8 25. Be3 Qc6 26. Nd2 Qxc2 27. f4 Rb5 28.
Qa3 Qc6 29. fxe5 dxe5 30. Rbc1 Bxb4 31. Rxc6 Bxa3 32. Bxh6 gxh6 33. Rxf6 Bb4
34. Re2 a5 35. Nc4 Rc8 36. Nb2 Bc5+ 37. Kh2 Bd4 38. Nd1 Ra8 39. Ne3 a4 40. Nc4
Rb4 41. Na3 Rb3 42. Rf3 Bc5 43. Nc4 Bd4 44. Ra2 Rb4 45. Nd6 Ra7 46. Nf5 Bb2 47.
Nxh6+ Kf8 48. Rd3 a3 49. Nf5 Ra8 50. Ng3 Bc1 51. Ra1 a2 52. Rxc1 Rb1 53. Rc7
a1=Q 54. Rf3 Qa2 55. Nf5 Rb2 56. Rg3 Qe6 57. Rg5 Rf2 58. Ne7 Qxe7 59. Rxe7 Kxe7
60. Rxe5+ Kf6 61. Rb5 Raa2 62. Kg3 Rxg2+ 63. Kh4 Ra8 64. Rh5 Kg7 65. Rf5 Ra6
0-1

[Event "XXVII Festival Conca della Presolana A"]
[Site "Bratto - Castione della Presolana ITA"]
[Date "2007.08.26"]
[Round "4"]
[White "Cordara, Michele"]
[Black "Dvirnyy, Danyyil"]
[Result "0-1"]
[WhiteElo "2151"]
[BlackElo "2365"]
[PlyCount "70"]
[EventDate "2007.08.23"]

1. c4 Nf6 2. g3 g6 3. Bg2 Bg7 4. Nf3 O-O 5. O-O d6 6. d4 Nbd7 7. Nc3 c6 8. e4
e5 9. dxe5 dxe5 10. Qc2 Qe7 11. b3 a5 12. a4 Rd8 13. Ba3 Nc5 14. Rfd1 Re8 15.
Ne1 Be6 16. Nd5 cxd5 17. cxd5 b6 18. dxe6 Qxe6 19. Bxc5 bxc5 20. Bf1 Red8 21.
Bc4 Qc6 22. f3 Bh6 23. Qc3 Qc7 24. Nc2 Rd6 25. Ne3 Bxe3+ 26. Qxe3 Rad8 27. Rxd6
Rxd6 28. Rc1 Rd4 29. Qc3 Qb6 30. Kg2 g5 31. Bb5 g4 32. Qxc5 Rd2+ 33. Kf1 Qxc5
34. Rxc5 gxf3 35. Rxe5 Rd1+ 0-1

[Event "XXVII Festival Conca della Presolana A"]
[Site "Bratto - Castione della Presolana ITA"]
[Date "2007.08.26"]
[Round "4"]
[White "Danieli, Enrico"]
[Black "Mazzariol, Oscar"]
[Result "1-0"]
[WhiteElo "2117"]
[BlackElo "2035"]
[PlyCount "99"]
[EventDate "2007.08.23"]

1. d4 Nf6 2. Nf3 e6 3. Bg5 b6 4. e4 h6 5. Bxf6 Qxf6 6. Bd3 Bb7 7. O-O Nc6 8. c3
g5 9. d5 Ne5 10. Nxe5 Qxe5 11. Nd2 exd5 12. exd5 O-O-O 13. Re1 Qxd5 14. Be4 Qd6
15. Qf3 Ba6 16. Rad1 Qf4 17. Qxf4 gxf4 18. Nf3 f6 19. Rd4 Bc5 20. Ra4 d5 21.
Bf5+ Kb7 22. Rxf4 Rhe8 23. Be6 Be7 24. Bf7 Bd6 25. Rxf6 Rxe1+ 26. Nxe1 Bf8 27.
Nf3 c5 28. Rf5 d4 29. cxd4 cxd4 30. Bd5+ Kc8 31. Nxd4 Bb7 32. Ne6 Rxd5 33. Rxd5
Bxd5 34. Nxf8 Bxa2 35. f4 a5 36. Kf2 Kd8 37. Ng6 a4 38. Ke3 Bb1 39. Ne5 b5 40.
Kd4 b4 41. Nc6+ Kd7 42. Nxb4 Ke6 43. g4 h5 44. h3 hxg4 45. hxg4 Kd6 46. Nd3 Ba2
47. Nc5 a3 48. bxa3 Bd5 49. Ne4+ Kc6 50. Ke5 1-0

[Event "XXVII Festival Conca della Presolana A"]
[Site "Bratto - Castione della Presolana ITA"]
[Date "2007.08.26"]
[Round "4"]
[White "Djabri, Zafer M."]
[Black "Sbarra, Marco"]
[Result "0-1"]
[WhiteElo "2091"]
[BlackElo "2233"]
[PlyCount "134"]
[EventDate "2007.08.23"]

1. c4 e6 2. e4 c5 3. Nc3 Nc6 4. g3 Nge7 5. Bg2 g6 6. Nge2 Bg7 7. O-O O-O 8. a3
Nd4 9. Rb1 Nxe2+ 10. Nxe2 d5 11. d3 dxc4 12. dxc4 Nc6 13. b4 Qe7 14. Qb3 Nd4
15. Nxd4 Bxd4 16. Be3 e5 17. bxc5 Bxe3 18. Qxe3 Be6 19. Rfd1 Rfc8 20. Bf1 Rc6
21. Rb5 Rac8 22. Rdb1 R8c7 23. Kg2 Bc8 24. Rd1 Kg7 25. h4 Be6 26. Rdb1 h6 27.
Be2 Bc8 28. Rd1 a6 29. Rb6 Qxc5 30. Qxc5 Rxc5 31. Rd5 h5 32. f3 Be6 33. Rxc5
Rxc5 34. Rxb7 Bxc4 35. Bxc4 Rxc4 36. Rb3 Rc2+ 37. Kh3 a5 38. g4 a4 39. Rd3
hxg4+ 40. Kxg4 Rg2+ 41. Kh3 Rb2 42. Kg4 Rb3 43. Rd5 Kf6 44. f4 exf4 45. Kxf4
Rxa3 46. h5 g5+ 47. Kg4 Re3 48. Rf5+ Ke7 49. Kxg5 Rxe4 50. Ra5 f6+ 51. Kh6 Rg4
52. Ra7+ Kd6 53. Ra6+ Kc5 54. Rxf6 a3 55. Rg6 Rb4 56. Ra6 Rb6+ 57. Rxb6 Kxb6
58. Kg7 a2 59. h6 a1=Q+ 60. Kg8 Qa2+ 61. Kg7 Qb2+ 62. Kg8 Qb3+ 63. Kg7 Qc3+ 64.
Kg8 Qc4+ 65. Kg7 Qd4+ 66. Kg8 Qd5+ 67. Kg7 Qe5+ 0-1

[Event "XXVII Festival Conca della Presolana A"]
[Site "Bratto - Castione della Presolana ITA"]
[Date "2007.08.26"]
[Round "4"]
[White "Epishin, Vladimir V."]
[Black "Aagaard, Jacob"]
[Result "1/2-1/2"]
[WhiteElo "2587"]
[BlackElo "2467"]
[PlyCount "49"]
[EventDate "2007.08.23"]

1. d4 Nf6 2. c4 e6 3. Nf3 b6 4. g3 Ba6 5. Qb3 Nc6 6. Nbd2 Bb7 7. e3 d5 8. cxd5
exd5 9. a3 Bd6 10. Qc2 O-O 11. Bg2 Ne7 12. O-O c5 13. dxc5 bxc5 14. b3 Ng6 15.
Bb2 Re8 16. Rad1 Bf8 17. Rfe1 Qb6 18. h4 Rad8 19. a4 h6 20. Bc3 Ng4 21. Qf5 Bc8
22. Qd3 Ba6 23. Qf5 Bc8 24. Qd3 Ba6 25. Qf5 1/2-1/2

[Event "XXVII Festival Conca della Presolana A"]
[Site "Bratto - Castione della Presolana ITA"]
[Date "2007.08.26"]
[Round "4"]
[White "Erturan, Yakup"]
[Black "David, Alberto"]
[Result "1/2-1/2"]
[WhiteElo "2389"]
[BlackElo "2529"]
[PlyCount "31"]
[EventDate "2007.08.23"]

1. e4 c5 2. Nf3 e6 3. c4 Nc6 4. Nc3 e5 5. Be2 g6 6. d3 Bg7 7. a3 a5 8. Nd5 Nge7
9. Bg5 h6 10. Bxe7 Nxe7 11. Nxe7 Qxe7 12. Nd2 O-O 13. Nb1 b6 14. Nc3 Bb7 15.
Nd5 Bxd5 16. cxd5 1/2-1/2

[Event "XXVII Festival Conca della Presolana A"]
[Site "Bratto - Castione della Presolana ITA"]
[Date "2007.08.26"]
[Round "4"]
[White "Esplugas Esteve, Vicenc"]
[Black "Astengo, Corrado"]
[Result "0-1"]
[WhiteElo "2012"]
[BlackElo "2109"]
[PlyCount "92"]
[EventDate "2007.08.23"]

1. d4 d5 2. c4 e6 3. Nc3 c6 4. Nf3 dxc4 5. e4 b5 6. a4 Bb4 7. Bd2 a5 8. Be2 Nf6
9. e5 Bxc3 10. bxc3 Ne4 11. Qb1 Nxd2 12. Nxd2 Ba6 13. Ne4 O-O 14. Nc5 b4 15.
O-O Nd7 16. Nxa6 Rxa6 17. Bxc4 Rb6 18. Qc2 c5 19. Rfd1 cxd4 20. cxd4 Rc6 21.
Qe2 Nb6 22. Bb3 Rc3 23. Rd3 Qc7 24. Rad1 Rd8 25. Qf3 Rxd3 26. Qxd3 Qc6 27. Ra1
Qd7 28. Qc2 Qxd4 29. Rd1 Qxd1+ 30. Qxd1 Rxd1+ 31. Bxd1 Kf8 32. f4 Ke7 33. Kf2
Kd7 34. g3 Kc6 35. Ke3 Kc5 36. Kd3 Nd5 37. Bc2 h5 38. Bb3 g6 39. Ke4 Ne7 40. h3
Nf5 41. g4 hxg4 42. hxg4 Nd4 43. Ba2 b3 44. Bb1 Kc4 45. Bd3+ Kc3 46. Bb1 Nc2
0-1

[Event "XXVII Festival Conca della Presolana A"]
[Site "Bratto - Castione della Presolana ITA"]
[Date "2007.08.26"]
[Round "4"]
[White "Fierro Baquero, Martha Lorena"]
[Black "Brunello, Sabino"]
[Result "1/2-1/2"]
[WhiteElo "2344"]
[BlackElo "2475"]
[PlyCount "143"]
[EventDate "2007.08.23"]

1. e4 e5 2. Nf3 Nc6 3. Bb5 a6 4. Ba4 Nf6 5. d3 b5 6. Bb3 Be7 7. Nc3 d6 8. Nd5
Na5 9. Nxe7 Qxe7 10. Bg5 Nxb3 11. axb3 h6 12. Bd2 O-O 13. Qe2 c5 14. O-O Nd7
15. b4 Bb7 16. bxc5 Nxc5 17. Bb4 Rac8 18. Rfe1 Ne6 19. Qd2 Rfd8 20. d4 Nxd4 21.
Nxd4 exd4 22. Qxd4 Rc4 23. Qd2 Rxe4 24. Rxe4 Qxe4 25. f3 Qg6 26. Qd3 Qg5 27.
Re1 h5 28. Qe3 Qd5 29. Bc3 Bc6 30. Qd4 Qxd4+ 31. Bxd4 Kf8 32. Kf2 f6 33. h4 b4
34. c3 bxc3 35. Bxc3 Bd7 36. Rd1 Ke7 37. Rd5 Be8 38. Ke3 Ke6 39. Rd1 Bb5 40.
Bb4 Rd7 41. Ke4 d5+ 42. Kd4 Kf5 43. Ke3 Bc4 44. Rd4 Rb7 45. g4+ Kg6 46. Bc3
Re7+ 47. Kf4 Re2 48. Rd2 Re8 49. Rd4 Rh8 50. Rd1 hxg4 51. Kxg4 Kf7 52. Rb1 Rd8
53. Bd4 Rc8 54. b4 Bb5 55. Bc5 d4 56. Bxd4 Rc4 57. Rd1 Rxb4 58. Kf4 Ke6 59. Ke3
Bc6 60. Rc1 Kd5 61. Rc5+ Kd6 62. Rc1 Rb3+ 63. Rc3 Rb5 64. Rc1 Rh5 65. Rg1 Rxh4
66. Rxg7 Rh3 67. Rf7 Bxf3 68. Rxf6+ Kd5 69. Bb2 Be4+ 70. Kd2 Rb3 71. Bc3 Kc4
72. Rxa6 1/2-1/2

[Event "XXVII Festival Conca della Presolana A"]
[Site "Bratto - Castione della Presolana ITA"]
[Date "2007.08.26"]
[Round "4"]
[White "Fontana, Enrico"]
[Black "Bresciani, Nicola"]
[Result "0-1"]
[WhiteElo "2128"]
[BlackElo "2278"]
[PlyCount "90"]
[EventDate "2007.08.23"]

1. d4 Nf6 2. Nf3 e6 3. e3 b6 4. Bd3 Bb7 5. Nbd2 c5 6. c3 Nc6 7. O-O Qc7 8. a3
d5 9. b4 Be7 10. Bb2 O-O 11. Rc1 c4 12. Bb1 b5 13. Qe2 a5 14. e4 dxe4 15. Nxe4
Nxe4 16. Bxe4 Bf6 17. Rfe1 axb4 18. axb4 Ne7 19. Ra1 Bd5 20. Ne5 Bxe5 21. dxe5
Qb7 22. Rxa8 Rxa8 23. Qc2 Bxe4 24. Rxe4 Rd8 25. f3 Qa7+ 26. Kf1 Rd3 27. Re1 Nd5
28. Qf2 Qxf2+ 29. Kxf2 Rd2+ 30. Re2 Rxe2+ 31. Kxe2 Nf4+ 32. Kd1 Nd3 33. Bc1
Nxe5 34. Ke2 Nd3 35. Be3 e5 36. g4 f6 37. h4 g6 38. Bb6 f5 39. gxf5 gxf5 40.
Ke3 Kf7 41. Bc7 Ke6 42. Bd8 f4+ 43. Ke2 Kf5 44. Bb6 e4 45. Bd8 Ne5 0-1

[Event "XXVII Festival Conca della Presolana A"]
[Site "Bratto - Castione della Presolana ITA"]
[Date "2007.08.26"]
[Round "4"]
[White "Godena, Michele"]
[Black "Siebrecht, Sebastian"]
[Result "1/2-1/2"]
[WhiteElo "2547"]
[BlackElo "2431"]
[PlyCount "160"]
[EventDate "2007.08.23"]

1. e4 c5 2. Nf3 e6 3. c3 Nf6 4. e5 Nd5 5. Bc4 d6 6. d4 cxd4 7. cxd4 Be7 8. O-O
Nc6 9. Qe2 O-O 10. Qe4 Bd7 11. Bb3 Na5 12. exd6 Bxd6 13. Bxd5 exd5 14. Qxd5 Bc6
15. Qf5 Bxf3 16. Qxf3 Qh4 17. g3 Qxd4 18. Rd1 Qb6 19. Nc3 Be5 20. Nd5 Qe6 21.
Bf4 Bxf4 22. Qxf4 Rad8 23. Qf5 Qxf5 24. Ne7+ Kh8 25. Nxf5 g6 26. Nd6 Rd7 27.
Nb5 Rxd1+ 28. Rxd1 a6 29. Nd6 Kg8 30. Ne4 f5 31. Nc5 Rf7 32. Rd8+ Kg7 33. Rb8
Kf6 34. a3 Rc7 35. b4 Nc4 36. Rxb7 Rxb7 37. Nxb7 Nxa3 38. Nc5 Ke5 39. Nxa6 Kd5
40. Kg2 Kc4 41. Kf3 Kb5 42. Nc7+ Kxb4 43. Kf4 Kc5 44. Ke5 Nc4+ 45. Kf6 Kd6 46.
Nb5+ Kd5 47. Kg7 Ne5 48. Kxh7 g5 49. Kh6 Nf3 50. h3 Ke5 51. Kg6 f4 52. Nc3 fxg3
53. fxg3 Ng1 54. h4 gxh4 55. gxh4 Nf3 56. h5 Nh4+ 57. Kf7 Nf5 58. Ne2 Nh6+ 59.
Kg6 Nf5 60. Ng3 Nd4 61. h6 Ne6 62. Kf7 Ng5+ 63. Kg7 Ne6+ 64. Kg6 Nf8+ 65. Kf7
Nh7 66. Kg7 Ng5 67. Kg6 Ne6 68. Ne2 Nf8+ 69. Kg7 Ne6+ 70. Kf7 Ng5+ 71. Kg6 Ne6
72. Ng1 Nf8+ 73. Kg7 Kf5 74. Nf3 Ne6+ 75. Kg8 Nf8 76. Kf7 Nh7 77. Kg7 Nf8 78.
Ng1 Ne6+ 79. Kg8 Nf8 80. Nh3 Kg6 1/2-1/2

[Event "XXVII Festival Conca della Presolana A"]
[Site "Bratto - Castione della Presolana ITA"]
[Date "2007.08.26"]
[Round "4"]
[White "Griffa, Roberto"]
[Black "D'Apa, Matteo"]
[Result "0-1"]
[WhiteElo "2121"]
[BlackElo "2055"]
[PlyCount "64"]
[EventDate "2007.08.23"]

1. d4 d5 2. c4 c6 3. cxd5 cxd5 4. Nc3 Nf6 5. Bf4 Nc6 6. e3 Bf5 7. Qb3 Qd7 8.
Nf3 e6 9. Bb5 Bd6 10. Ne5 Bxe5 11. Bxe5 O-O 12. O-O Ng4 13. Bg3 Rac8 14. Na4
Qe7 15. Nc5 b6 16. Nd3 Na5 17. Qb4 Qg5 18. Ne5 Nxe5 19. Bxe5 Be4 20. Bg3 Rc2
21. Rfc1 Rfc8 22. Qe1 h5 23. Ba6 Rxc1 24. Rxc1 Rxc1 25. Qxc1 h4 26. f3 Bxf3 27.
Bd3 Nc4 28. b3 hxg3 29. gxf3 gxh2+ 30. Kxh2 Qxe3 31. Qxe3 Nxe3 32. Kg3 g5 0-1

[Event "XXVII Festival Conca della Presolana A"]
[Site "Bratto - Castione della Presolana ITA"]
[Date "2007.08.26"]
[Round "4"]
[White "Guido, Flavio"]
[Black "Barlocco, Carlo"]
[Result "1/2-1/2"]
[WhiteElo "2331"]
[BlackElo "2116"]
[PlyCount "80"]
[EventDate "2007.08.23"]

1. e4 c5 2. c3 d5 3. exd5 Qxd5 4. d4 g6 5. Na3 Bg7 6. Nf3 Nh6 7. Be3 Nf5 8. Bc4
Nxe3 9. fxe3 Qh5 10. O-O O-O 11. Nc2 Nc6 12. a3 Bf5 13. Qe2 Bxc2 14. Qxc2 Rac8
15. Qe2 e6 16. Rf2 Ne7 17. Ba2 Nf5 18. e4 Ne7 19. Rd1 Rfd8 20. h3 cxd4 21. cxd4
Rc7 22. Qf1 Rcd7 23. Rfd2 Qa5 24. Kh1 Nc6 25. d5 exd5 26. Bxd5 h6 27. Qc4 Kh7
28. h4 Ne5 29. Nxe5 Bxe5 30. h5 Qb6 31. Rf1 Qe3 32. Rd3 Qe2 33. Rdf3 Qxc4 34.
Bxc4 f6 35. hxg6+ Kxg6 36. b3 Rd1 37. Bd5 Rxf1+ 38. Rxf1 b6 39. Rc1 Kg5 40. a4
h5 1/2-1/2

[Event "XXVII Festival Conca della Presolana A"]
[Site "Bratto - Castione della Presolana ITA"]
[Date "2007.08.26"]
[Round "4"]
[White "Hunt, Adam C."]
[Black "Schaefer, Markus"]
[Result "1-0"]
[WhiteElo "2461"]
[BlackElo "2411"]
[PlyCount "109"]
[EventDate "2007.08.23"]

1. e4 e6 2. d4 d5 3. Nc3 Nf6 4. Bg5 Be7 5. e5 Nfd7 6. h4 c5 7. Bxe7 Kxe7 8.
dxc5 Nxe5 9. Qd2 Nbc6 10. O-O-O Re8 11. Nf3 Nxf3 12. gxf3 Kf8 13. Nb5 Re7 14.
Bd3 f5 15. h5 Qa5 16. Qxa5 Nxa5 17. Nd6 Nc6 18. f4 b6 19. Bb5 Rc7 20. Rhe1 Bd7
21. cxb6 axb6 22. Kb1 Nd8 23. Bxd7 Rxd7 24. Nb5 Kf7 25. Rd3 Ra4 26. Nd4 Rd6 27.
b3 Ra5 28. Rde3 Rc5 29. Kb2 Rc8 30. a4 h6 31. Rg1 Nc6 32. Nb5 Rd7 33. Rg6 Nb8
34. Nd4 Re7 35. Reg3 Kf8 36. Re3 Kf7 37. c3 Rc5 38. Rg1 Nc6 39. Nb5 Rd7 40. Rd1
Kf6 41. Rde1 Re7 42. Rg3 d4 43. cxd4 Rd5 44. Reg1 Nxd4 45. Rg6+ Kf7 46. Rxg7+
Kf8 47. Rg8+ Kf7 48. R1g7+ Kf6 49. Rg6+ Kf7 50. Nc3 Rc5 51. Rh8 Rec7 52. Rgxh6
Rc8 53. R6h7+ Kf6 54. Rxc8 Rxc8 55. Rd7 1-0

[Event "XXVII Festival Conca della Presolana A"]
[Site "Bratto - Castione della Presolana ITA"]
[Date "2007.08.26"]
[Round "4"]
[White "Isonzo, David"]
[Black "Zoldan, Matteo"]
[Result "1-0"]
[WhiteElo "2356"]
[BlackElo "2128"]
[PlyCount "104"]
[EventDate "2007.08.23"]

1. e4 c5 2. Nf3 d6 3. Bb5+ Bd7 4. Bxd7+ Qxd7 5. O-O Nc6 6. c3 Nf6 7. d4 cxd4 8.
cxd4 Nxe4 9. d5 Ne5 10. Nxe5 dxe5 11. Re1 Nf6 12. Rxe5 e6 13. Nc3 Bd6 14. dxe6
fxe6 15. Re1 O-O 16. Bg5 Qc7 17. g3 Be5 18. Bxf6 Bxf6 19. Ne4 Qb6 20. Rb1 Bd4
21. Qe2 Rad8 22. b3 Rf5 23. Rf1 Rdf8 24. Rbe1 Kh8 25. Qc2 e5 26. Kg2 Rh5 27.
Qe2 Qg6 28. h3 Rhf5 29. Rc1 Rf4 30. f3 R4f7 31. Rc4 h6 32. Qc2 Qb6 33. Rc8 Qa6
34. Rxf8+ Rxf8 35. h4 Qe6 36. Rc1 Qf5 37. Qe2 Qd7 38. Rc2 Bb6 39. Rc4 Rd8 40.
h5 Qf5 41. g4 Qe6 42. Ng3 Ba5 43. b4 Bb6 44. Re4 Bd4 45. Kh3 Qd5 46. Nf5 Qf7
47. Nh4 Rd6 48. Ng6+ Kh7 49. b5 Rf6 50. Kg2 a6 51. Qd3 Kg8 52. Qc2 Re6 1-0

[Event "XXVII Festival Conca della Presolana A"]
[Site "Bratto - Castione della Presolana ITA"]
[Date "2007.08.26"]
[Round "4"]
[White "Jablon, Stephen"]
[Black "Pagnoncelli, Marco"]
[Result "1-0"]
[WhiteElo "2024"]
[BlackElo "2129"]
[PlyCount "73"]
[EventDate "2007.08.23"]

1. f4 Nf6 2. Nf3 g6 3. b3 Bg7 4. Bb2 d5 5. e3 O-O 6. Be2 c5 7. O-O Nc6 8. Qe1
Qa5 9. Qh4 Ne4 10. Bxg7 Kxg7 11. c3 b5 12. Ne5 Nxe5 13. fxe5 Nxd2 14. Nxd2 Qxc3
15. Nf3 Qxe3+ 16. Rf2 c4 17. Qxe7 h6 18. Qb4 Bd7 19. Re1 Qb6 20. Qd2 Rad8 21.
Bf1 Bf5 22. Qd4 Rfe8 23. Qxb6 axb6 24. Nd4 Be4 25. Nxb5 cxb3 26. Nd6 bxa2 27.
Nxe8+ Rxe8 28. Rxa2 Rxe5 29. Bd3 f5 30. Bxe4 fxe4 31. Ra7+ Kf6 32. Rf1+ Kg5 33.
Rb7 e3 34. Rxb6 d4 35. Rd6 Re4 36. g3 Kh5 37. Kg2 1-0

[Event "XXVII Festival Conca della Presolana A"]
[Site "Bratto - Castione della Presolana ITA"]
[Date "2007.08.26"]
[Round "4"]
[White "Lampl, Gerald"]
[Black "Parodi, Alessandro"]
[Result "0-1"]
[WhiteElo "2099"]
[BlackElo "1961"]
[PlyCount "98"]
[EventDate "2007.08.23"]

1. d4 Nf6 2. c4 g6 3. Nc3 Bg7 4. e4 d6 5. f3 O-O 6. Be3 Nc6 7. Qd2 a6 8. Nge2
Rb8 9. Rb1 b5 10. cxb5 axb5 11. b4 e5 12. d5 Ne7 13. Nc1 Bd7 14. Nb3 c6 15.
dxc6 Bxc6 16. Na5 Qd7 17. Rc1 Ba8 18. Qf2 Nc8 19. Bd3 d5 20. Bc5 Rd8 21. O-O d4
22. Nb1 Bh6 23. Qh4 Bxc1 24. Rxc1 Nh5 25. g3 Nd6 26. Nd2 Ng7 27. Nab3 Nh5 28.
Qg5 f6 29. Qh4 Kg7 30. Rf1 Qe8 31. Qh3 Bb7 32. Rc1 Bc8 33. Qh4 g5 34. Bxd6 gxh4
35. Bxb8 hxg3 36. hxg3 Nxg3 37. Kf2 Nh5 38. Bc7 Nf4 39. Bf1 Rd7 40. Bxb5 Qh5
41. Rg1+ Kh8 42. Nf1 Rxc7 43. Rg3 Rc2+ 44. Ke1 Rxa2 45. Nc5 Ra1+ 46. Kf2 Qh1
47. Bc4 Nh3+ 48. Rxh3 Bxh3 49. Nh2 Qxh2# 0-1

[Event "XXVII Festival Conca della Presolana A"]
[Site "Bratto - Castione della Presolana ITA"]
[Date "2007.08.26"]
[Round "4"]
[White "Lanzani, Mario"]
[Black "Salvador, Roland"]
[Result "1/2-1/2"]
[WhiteElo "2336"]
[BlackElo "2461"]
[PlyCount "94"]
[EventDate "2007.08.23"]

1. d4 Nf6 2. c4 e6 3. Nc3 Bb4 4. a3 Bxc3+ 5. bxc3 b6 6. f3 d6 7. e4 Nc6 8. Bd3
Qe7 9. Ne2 e5 10. O-O h6 11. f4 Bd7 12. a4 exd4 13. cxd4 Nxe4 14. Ng3 f5 15.
Nxe4 fxe4 16. Bxe4 O-O 17. Qf3 Nxd4 18. Qe3 Nf5 19. Bd5+ Kh7 20. Qxe7 Nxe7 21.
Bxa8 Rxa8 22. a5 Rc8 23. axb6 axb6 24. Bb2 Kg8 25. Rae1 Nc6 26. f5 Re8 27.
Rxe8+ Bxe8 28. f6 g5 29. Ra1 Kf7 30. Ra8 Ne5 31. Bxe5 dxe5 32. Ra7 Kxf6 33.
Rxc7 b5 34. cxb5 Bxb5 35. Kf2 h5 36. Ke3 Kf5 37. Rf7+ Kg4 38. Kf2 e4 39. h3+
Kh4 40. Rf5 Bc6 41. Re5 Bb7 42. Rf5 Bc6 43. Kg1 g4 44. Kh2 gxh3 45. gxh3 Bb7
46. Rf4+ Kg5 47. Kg3 e3 1/2-1/2

[Event "XXVII Festival Conca della Presolana A"]
[Site "Bratto - Castione della Presolana ITA"]
[Date "2007.08.26"]
[Round "4"]
[White "Lapiccirella, Daniele"]
[Black "Cardili, Mariano"]
[Result "1/2-1/2"]
[WhiteElo "2164"]
[BlackElo "2094"]
[PlyCount "45"]
[EventDate "2007.08.23"]

1. d4 d5 2. c4 c6 3. Nf3 Nf6 4. e3 Bf5 5. Bd3 Bxd3 6. Qxd3 e6 7. O-O Nbd7 8.
Nbd2 Be7 9. e4 dxe4 10. Nxe4 Nxe4 11. Qxe4 O-O 12. Bf4 Nf6 13. Qe2 c5 14. Rfd1
cxd4 15. Nxd4 Qb6 16. a3 a5 17. Nb5 a4 18. h3 Rac8 19. Rac1 Rc6 20. Nd4 Rcc8
21. Nb5 Rc6 22. Nd4 Rcc8 23. Nb5 1/2-1/2

[Event "XXVII Festival Conca della Presolana A"]
[Site "Bratto - Castione della Presolana ITA"]
[Date "2007.08.26"]
[Round "4"]
[White "Maccagno, Giancarlo"]
[Black "Di Lascio, Savino"]
[Result "0-1"]
[WhiteElo "2109"]
[BlackElo "2014"]
[PlyCount "134"]
[EventDate "2007.08.23"]

1. e4 c6 2. d4 d5 3. e5 Bf5 4. Ne2 e6 5. Nbc3 c5 6. Be3 Nc6 7. dxc5 Rc8 8. Nd4
Nxd4 9. Bxd4 Bxc5 10. Bb5+ Kf8 11. O-O a6 12. Bxc5+ Rxc5 13. Bd3 Bxd3 14. Qxd3
Ne7 15. f4 h5 16. Ne4 Rc6 17. Nd6 Nc8 18. Nxc8 Qxc8 19. c3 Rc4 20. f5 Re4 21.
Rae1 Qc5+ 22. Kh1 exf5 23. Rd1 f4 24. b4 Qc6 25. Qxd5 Qxd5 26. Rxd5 Ke7 27. Rd4
Rxd4 28. cxd4 g5 29. h4 Rd8 30. Rc1 Rxd4 31. Rc7+ Rd7 32. Rc4 Ke6 33. hxg5 Kxe5
34. Kh2 Kf5 35. Kh3 Kxg5 36. Rc5+ f5 37. Rc8 Rd3+ 38. Kh2 Ra3 39. Rc7 b5 40.
Rc2 Kg4 41. Rd2 Ra4 42. Rb2 h4 43. Kg1 f3 44. gxf3+ Kxf3 45. Rb3+ Kg4 46. a3 f4
47. Kg2 a5 48. bxa5 Rxa5 49. Kh2 f3 50. Rb4+ Kg5 51. Rb3 Kf4 52. Rb4+ Ke3 53.
Rb3+ Ke2 54. Rb2+ Kd1 55. Rb3 Kc2 56. Rxf3 Kb2 57. Rf4 Kxa3 58. Rxh4 b4 59. Kg3
Rf5 60. Rh8 b3 61. Ra8+ Kb2 62. Rc8 Kb1 63. Kg4 Rf1 64. Kg3 b2 65. Kg2 Rc1 66.
Rb8 Kc2 67. Rc8+ Kd3 0-1

[Event "XXVII Festival Conca della Presolana A"]
[Site "Bratto - Castione della Presolana ITA"]
[Date "2007.08.26"]
[Round "4"]
[White "Manca, Federico"]
[Black "Castrogiovanni, Carlo"]
[Result "1-0"]
[WhiteElo "2417"]
[BlackElo "2086"]
[PlyCount "107"]
[EventDate "2007.08.23"]

1. e4 d5 2. exd5 Nf6 3. c4 c6 4. d4 cxd5 5. Nc3 e6 6. Nf3 Bb4 7. Bd3 dxc4 8.
Bxc4 O-O 9. O-O b6 10. Bg5 Bb7 11. Qd3 h6 12. Bh4 Be7 13. Rad1 Nc6 14. a3 Nd5
15. Bxd5 exd5 16. Bxe7 Nxe7 17. Rfe1 Bc8 18. Ne5 Be6 19. Qf3 Re8 20. Qf4 Nf5
21. h3 Qg5 22. Qxg5 hxg5 23. Ng4 Rac8 24. Ne3 Nxe3 25. Rxe3 Red8 26. Re5 g4 27.
h4 Rc4 28. Rd3 a6 29. Kh2 Rd6 30. Kg3 b5 31. b3 Rc8 32. Rde3 Rcc6 33. Rd3 Rc8
34. Ne2 f6 35. Ree3 Kf7 36. Rc3 Rdc6 37. Rxc6 Rxc6 38. Rc3 Rxc3+ 39. Nxc3 Ke7
40. Kf4 Kd6 41. b4 g6 42. Nd1 Bf5 43. Ne3 Be4 44. Kxg4 Ke6 45. Kf4 Bd3 46. g4
Be4 47. g5 f5 48. Nf1 Bc2 49. Ng3 Bd3 50. h5 gxh5 51. Nxh5 Kf7 52. Ke5 Be4 53.
Nf6 Kg6 54. f4 1-0

[Event "XXVII Festival Conca della Presolana A"]
[Site "Bratto - Castione della Presolana ITA"]
[Date "2007.08.26"]
[Round "4"]
[White "Massironi, Marco"]
[Black "Rossi, Carlo"]
[Result "0-1"]
[WhiteElo "2129"]
[BlackElo "2340"]
[PlyCount "94"]
[EventDate "2007.08.23"]

1. e4 Nc6 2. Nf3 e5 3. Nc3 Bc5 4. Bc4 d6 5. h3 Qf6 6. d3 Qg6 7. Nh4 Qf6 8. Nf3
Nge7 9. Be3 Nd4 10. Bxd4 exd4 11. Ne2 Bd7 12. Qd2 a5 13. a3 Ng6 14. c3 dxc3 15.
Nxc3 Nf4 16. Nd5 Nxd5 17. Bxd5 c6 18. Bb3 Bb6 19. Bd1 Rg8 20. O-O g5 21. e5
dxe5 22. Nxe5 Be6 23. Re1 Bd4 24. Ng4 Qg7 25. Bb3 h5 26. Ne3 Qf6 27. Bxe6 fxe6
28. Qe2 g4 29. hxg4 hxg4 30. g3 Qf3 31. Qxf3 gxf3 32. Nf5 Bc5 33. d4 O-O-O 34.
Rxe6 Bxd4 35. Ne7+ Kd7 36. Re4 Rxg3+ 37. Kf1 Rh3 38. Rxd4+ Kxe7 39. Re1+ Kf6
40. Rg4 Kf5 41. Rg7 Rh1+ 42. Rg1 Rh2 43. Rg3 Rh1+ 44. Rg1 Rxg1+ 45. Kxg1 Rd2
46. Re3 Kf4 47. Rb3 b5 0-1

[Event "XXVII Festival Conca della Presolana A"]
[Site "Bratto - Castione della Presolana ITA"]
[Date "2007.08.26"]
[Round "4"]
[White "Melotti, Dario"]
[Black "Buono, Michele"]
[Result "1/2-1/2"]
[WhiteElo "2067"]
[BlackElo "2170"]
[PlyCount "46"]
[EventDate "2007.08.23"]

1. c4 Nf6 2. Nf3 g6 3. Nc3 c5 4. d4 cxd4 5. Nxd4 Bg7 6. g3 O-O 7. Bg2 Nc6 8.
O-O Nxd4 9. Qxd4 d6 10. Qd2 Rb8 11. b3 Bf5 12. Bb2 Qa5 13. Rfd1 Rfc8 14. a3 Be6
15. Nd5 Qxd2 16. Rxd2 Nxd5 17. Bxg7 Kxg7 18. Bxd5 Bd7 19. a4 Kf6 20. f4 Bc6 21.
Kf2 Rc7 22. Bf3 g5 23. Rd4 Bxf3 1/2-1/2